| 000 | 01158nam a2200253 i 4500 | ||
|---|---|---|---|
| 999 |
_c7764 _d7764 |
||
| 001 | 991058478168306706 | ||
| 003 | OSt | ||
| 005 | 20260515062532.0 | ||
| 006 | m o d | | ||
| 007 | cr ||||||||||| | ||
| 008 | 201029s2019 sp a ob 000 0 spa d | ||
| 040 |
_aCDMR _cCDMR _bcat |
||
| 111 |
_aJornada Internacional de Periodistes Comunicar la Mediterrània amb Mirada Feminista _c(Barcelona _d: 4-5 novembre 2021) _94873 |
||
| 245 | 1 | 0 |
_aComunicar la Mediterrània amb mirada feminista [recurs electrònic] _c/ [coordinació: Alícia Oliver Rojo] |
| 260 |
_aBarcelona _b: Xarxa Europea de Dones Periodistes _c2023 |
||
| 300 | _a1 recurs electrònic (147 pàgines) | ||
| 505 | _aPonències de la Jornada, que va aplegar vint-i-dues periodistes representants de catorze països | ||
| 650 | 0 |
_aDones periodistes _92913 _vCongressos |
|
| 650 | 0 |
_aMitjans de comunicació de massa i dones _93818 _vCongressos |
|
| 700 | 1 |
_94505 _aOliver Rojo, Alícia |
|
| 710 |
_94874 _aXarxa Europea de Dones Periodistes |
||
| 856 |
_zAccés en línia _uhttp://mujeresperiodistas.net/wp-content/uploads/2023/07/Comunicar_la_Mediterranea_cat.pdf |
||
| 942 |
_2udc _cLLIBRE-E |
||